| 000 | 00875nam a2200229Ia 4500 | ||
|---|---|---|---|
| 999 |
_c41275 _d41275 |
||
| 001 | 7930 | ||
| 003 | GE_BSU | ||
| 005 | 20221003120555.0 | ||
| 008 | 181216s2009ru xx |||||||||||||| ||rus|| | ||
| 020 | _a9785713313302 | ||
| 040 | _cGE_BSU | ||
| 041 | _arus | ||
| 080 | _a341(075.8) Е-22 | ||
| 100 |
_aАбашидзе,А.Х. _914953 |
||
| 245 |
_aЕвропейское международное право / _cА.Х. Абашидзе, Отв. ред. Ю.М.Колосов |
||
| 264 |
_aМосква : _bМеждународные отношения, _c2009. |
||
| 300 |
_a408 стр: _c21 см. |
||
| 653 | _aЕвропейское международное право | ||
| 653 | _aევროპული საერთაშორისო სამართალი | ||
| 700 |
_aКолосов, Ю.М _eრედაქტორი _914954 |
||
| 942 |
_cBK _2udc |
||